000 00534nam a2200169Ia 4500
005 20250508154925.0
008 008 250505s9999 xx 000 0 eng d
037 _aTextual
040 _aFEDL
_beng
_cFEDL
041 _aeng
_2eng
084 _a500, UNE
_qFEDL
245 0 _aScience liaison: Story of Unesco's science co-operation offices
260 _aParis, France
_bUnited Nations Educational, Scientific and Cultural Organization
_c1954
300 _a63p.
942 _cTEXL
_h500, UNE
999 _c1352857
_d1352857